O'Higgins: forjador de una tradición democrática

Saved in:
Bibliographic Details
Main Author: Heise González, Julio (autor)
Format: Book
Language:Spanish
Published: Santiago, Chile R. Neupert 1975
Subjects:
Tags: Add Tag
No Tags, Be the first to tag this record!

MARC

LEADER 00000cam a2200000 a 4500
001 UCO2013
003 CL-VaPUC
005 20220903073949.0
008 000602e19750000CL |||||||||||||||||spa|d
999 |c 288558  |d 288556 
040 |c Pontificia Universidad Católica de Valparaíso 
082 0 4 |a 983.04 HEI 1975  |2 21 
100 |a Heise González, Julio  |e autor  |9 569704 
245 1 0 |a O'Higgins:  |b  forjador de una tradición democrática 
260 |a Santiago, Chile  |b R. Neupert  |c 1975 
300 |a 187 páginas 
583 |a last modification  |c 20120914 12:29:37  |k Rodrigo Vera 
600 0 |a O'higgins Riquelme, Bernardo  |9 317764 
650 0 |a Historia de Chile  |9 265473 
650 0 |a Independencia   |z CHILE  |9 344246 
650 7 |a ORGANIZACION NACIONAL  |2 CL-VaPUC  |9 374823  |z CHILE 
852 |a BIBCUR 
942 |c BK  |2 ddc 
945 |d 20000602 00:00:00  |a crobeson 
952 |0 0  |1 0  |2 ddc  |4 0  |6 983_040000000000000_HEI_1975  |7 0  |8 A  |9 336314  |a BIBHIS  |b BIBHIS  |d 2019-11-20  |i 1277405  |o 983.04 HEI 1975  |p 1277405  |r 2025-01-20  |t 1  |w 2019-11-20  |y BK  |k HIS 
952 |0 0  |1 0  |2 ddc  |4 0  |6 983_040000000000000_HEI_1975  |7 0  |8 A  |9 336315  |a BIBHIS  |b BIBHIS  |d 2019-11-20  |i 4903498  |o 983.04 HEI 1975  |p 4903498  |r 2025-01-20  |t 2  |w 2019-11-20  |y BK  |k HIS